<?xml version="1.0" encoding="UTF-8"?>
<record
    xmlns:xsi="http://www.w3.org/2001/XMLSchema-instance"
    xsi:schemaLocation="http://www.loc.gov/MARC21/slim http://www.loc.gov/standards/marcxml/schema/MARC21slim.xsd"
    xmlns="http://www.loc.gov/MARC21/slim">

  <leader>01007nam a22002777a 4500</leader>
  <controlfield tag="003">OSt</controlfield>
  <controlfield tag="005">20240708143703.0</controlfield>
  <controlfield tag="008">240708b           ||||| |||| 00| 0 eng d</controlfield>
  <datafield tag="022" ind1=" " ind2=" ">
    <subfield code="a">05662257</subfield>
  </datafield>
  <datafield tag="040" ind1=" " ind2=" ">
    <subfield code="c">AIMIT LIBRARY</subfield>
  </datafield>
  <datafield tag="082" ind1=" " ind2=" ">
    <subfield code="a">658</subfield>
    <subfield code="b">UNIN</subfield>
  </datafield>
  <datafield tag="110" ind1=" " ind2=" ">
    <subfield code="a">Association of Indian Universities</subfield>
    <subfield code="9">172871</subfield>
  </datafield>
  <datafield tag="245" ind1=" " ind2=" ">
    <subfield code="a">University News /</subfield>
    <subfield code="c">By Association of Indian Universities</subfield>
  </datafield>
  <datafield tag="260" ind1=" " ind2=" ">
    <subfield code="a">New Delhi :</subfield>
    <subfield code="b">Association of Indian Universities ,</subfield>
    <subfield code="c">2016.</subfield>
  </datafield>
  <datafield tag="300" ind1=" " ind2=" ">
    <subfield code="b">HB</subfield>
    <subfield code="c">26 cm.</subfield>
  </datafield>
  <datafield tag="440" ind1=" " ind2=" ">
    <subfield code="a">University News</subfield>
    <subfield code="v">Vol.54 No.45-52/2016</subfield>
    <subfield code="9">172872</subfield>
  </datafield>
  <datafield tag="440" ind1=" " ind2=" ">
    <subfield code="v">Vol.56 No.53/2018,Vol.57 No.1-16/2019</subfield>
  </datafield>
  <datafield tag="440" ind1=" " ind2=" ">
    <subfield code="v">Vol.57 No.17-34/2019</subfield>
  </datafield>
  <datafield tag="440" ind1=" " ind2=" ">
    <subfield code="v">Vol.56 No.2-10,12-15,17/2018</subfield>
  </datafield>
  <datafield tag="440" ind1=" " ind2=" ">
    <subfield code="v">Vol 56 No.18-27,29-34</subfield>
  </datafield>
  <datafield tag="440" ind1=" " ind2=" ">
    <subfield code="v">Vol.56 No.35-52/2018</subfield>
  </datafield>
  <datafield tag="650" ind1=" " ind2=" ">
    <subfield code="a">Employment and employability in the changing landscape of Indian higher Education</subfield>
    <subfield code="9">172873</subfield>
  </datafield>
  <datafield tag="650" ind1=" " ind2=" ">
    <subfield code="a">Techno pedagogic skills interwoven in a film</subfield>
    <subfield code="9">172874</subfield>
  </datafield>
  <datafield tag="650" ind1=" " ind2=" ">
    <subfield code="a">Values and social responsibility</subfield>
    <subfield code="9">172875</subfield>
  </datafield>
  <datafield tag="942" ind1=" " ind2=" ">
    <subfield code="2">ddc</subfield>
    <subfield code="c">BK</subfield>
    <subfield code="k">658 UNIN</subfield>
  </datafield>
  <datafield tag="999" ind1=" " ind2=" ">
    <subfield code="c">231412</subfield>
    <subfield code="d">231412</subfield>
  </datafield>
  <datafield tag="952" ind1=" " ind2=" ">
    <subfield code="0">0</subfield>
    <subfield code="1">0</subfield>
    <subfield code="2">ddc</subfield>
    <subfield code="4">0</subfield>
    <subfield code="7">0</subfield>
    <subfield code="8">MBA</subfield>
    <subfield code="a">AIMIT</subfield>
    <subfield code="b">AIMIT</subfield>
    <subfield code="c">BV</subfield>
    <subfield code="d">2024-07-08</subfield>
    <subfield code="h">Vol.54 No.45-52/2016</subfield>
    <subfield code="l">0</subfield>
    <subfield code="o">658 UNIN</subfield>
    <subfield code="p">BVM1021</subfield>
    <subfield code="r">2024-07-08 00:00:00</subfield>
    <subfield code="w">2024-07-08</subfield>
    <subfield code="y">BV</subfield>
  </datafield>
  <datafield tag="952" ind1=" " ind2=" ">
    <subfield code="0">0</subfield>
    <subfield code="1">0</subfield>
    <subfield code="2">ddc</subfield>
    <subfield code="4">0</subfield>
    <subfield code="7">0</subfield>
    <subfield code="8">MBA</subfield>
    <subfield code="a">AIMIT</subfield>
    <subfield code="b">AIMIT</subfield>
    <subfield code="c">BV</subfield>
    <subfield code="d">2024-07-08</subfield>
    <subfield code="h">Vol.56 No.53/2018/Vol.57 No.1-16/2019</subfield>
    <subfield code="l">0</subfield>
    <subfield code="o">658 UNIN</subfield>
    <subfield code="p">BVM1041</subfield>
    <subfield code="r">2024-07-08 00:00:00</subfield>
    <subfield code="w">2024-07-08</subfield>
    <subfield code="y">BV</subfield>
  </datafield>
  <datafield tag="952" ind1=" " ind2=" ">
    <subfield code="0">0</subfield>
    <subfield code="1">0</subfield>
    <subfield code="2">ddc</subfield>
    <subfield code="4">0</subfield>
    <subfield code="7">0</subfield>
    <subfield code="8">MBA</subfield>
    <subfield code="a">AIMIT</subfield>
    <subfield code="b">AIMIT</subfield>
    <subfield code="c">BV</subfield>
    <subfield code="d">2024-07-08</subfield>
    <subfield code="h">Vol.57 No.17-34/2019</subfield>
    <subfield code="l">0</subfield>
    <subfield code="o">658 UNIN</subfield>
    <subfield code="p">BVM1042</subfield>
    <subfield code="r">2024-07-08 00:00:00</subfield>
    <subfield code="w">2024-07-08</subfield>
    <subfield code="y">BV</subfield>
  </datafield>
  <datafield tag="952" ind1=" " ind2=" ">
    <subfield code="0">0</subfield>
    <subfield code="1">0</subfield>
    <subfield code="2">ddc</subfield>
    <subfield code="4">0</subfield>
    <subfield code="7">0</subfield>
    <subfield code="8">MBA</subfield>
    <subfield code="a">AIMIT</subfield>
    <subfield code="b">AIMIT</subfield>
    <subfield code="c">BV</subfield>
    <subfield code="d">2024-07-08</subfield>
    <subfield code="h">Vol.56 No.2-10,12-15,17/2018</subfield>
    <subfield code="l">0</subfield>
    <subfield code="o">658 UNIN</subfield>
    <subfield code="p">BVM1128</subfield>
    <subfield code="r">2024-07-08 00:00:00</subfield>
    <subfield code="w">2024-07-08</subfield>
    <subfield code="y">BV</subfield>
  </datafield>
  <datafield tag="952" ind1=" " ind2=" ">
    <subfield code="0">0</subfield>
    <subfield code="1">0</subfield>
    <subfield code="2">ddc</subfield>
    <subfield code="4">0</subfield>
    <subfield code="7">0</subfield>
    <subfield code="8">MBA</subfield>
    <subfield code="a">AIMIT</subfield>
    <subfield code="b">AIMIT</subfield>
    <subfield code="c">BV</subfield>
    <subfield code="d">2024-07-08</subfield>
    <subfield code="h">Vol.56 No.18-27,29-34/2018</subfield>
    <subfield code="l">0</subfield>
    <subfield code="o">658 UNIN</subfield>
    <subfield code="p">BVM1129</subfield>
    <subfield code="r">2024-07-08 00:00:00</subfield>
    <subfield code="w">2024-07-08</subfield>
    <subfield code="y">BV</subfield>
  </datafield>
  <datafield tag="952" ind1=" " ind2=" ">
    <subfield code="0">0</subfield>
    <subfield code="1">0</subfield>
    <subfield code="2">ddc</subfield>
    <subfield code="4">0</subfield>
    <subfield code="7">0</subfield>
    <subfield code="8">MBA</subfield>
    <subfield code="a">AIMIT</subfield>
    <subfield code="b">AIMIT</subfield>
    <subfield code="c">BV</subfield>
    <subfield code="d">2024-07-08</subfield>
    <subfield code="h">Vol.56 No.35-52/2018</subfield>
    <subfield code="l">0</subfield>
    <subfield code="o">658 UNIN</subfield>
    <subfield code="p">BVM1130</subfield>
    <subfield code="r">2024-07-08 00:00:00</subfield>
    <subfield code="w">2024-07-08</subfield>
    <subfield code="y">BV</subfield>
  </datafield>
</record>
